El Señorío de los Incas /

Detalles Bibliográficos
Autor principal: Cieza de León, Pedro de, 1518-1554
Formato: Electrónico eBook
Lenguaje:español
Publicado: Barcelona : www.Linkgua.com, 2011.
Colección:Diferencias (Linkgua Ediciones)
Materias:
Acceso en línea:Digitalia Hispánica

MARC

LEADER 00000nam a2200000Ii 4500
001 DIGLINK00717
003 NyNyDIG
006 m o d
007 cr |||||||||||
008 140201s2011 sp o 000 0 spa d
020 |a 9788499531199  |q (eBook) 
020 |z 9788498167610 
040 |a DGITA  |b eng  |e pn  |c DGITA 
043 |a s-pe---  |a s------ 
050 1 4 |a F3442 eBook 
100 1 |a Cieza de León, Pedro de,  |d 1518-1554.  
240 1 0 |a Chronica del Peru 
245 1 3 |a El Señorío de los Incas /  |c Pedro de Cieza de León. 
264 1 |a Barcelona :  |b www.Linkgua.com,  |c 2011.  
300 |a 1 online resource (157 pages) 
336 |a text  |b txt  |2 rdacontent 
337 |a computer  |b c  |2 rdamedia 
338 |a online resource  |b cr  |2 rdacarrier 
490 1 |a Diferencias. 
500 |a 2a. parte de la Crónica del Perú.This second part, known under title "Relación de la sucesión y gobierno de los Incas, señores naturales que fueron de las provincias del Perú y otras cosas tocantes á aquel reino, para el ilustrisimo señor d. Juan de Sarmiento, presidente del Consejo de Indias," It remained in manuscript until 1873 when Manuel González de la Rosa undertook its publication. 
651 0 |a Peru  |x History  |y Conquest, 1522-1548. 
651 0 |a Peru  |x Description and travel. 
650 0 |a Indians of South America  |z Peru  |x Social life and customs. 
651 0 |a America  |x Early accounts to 1600. 
655 0 |a Electronic books. 
791 2 |a Digitalia (Firm),  |e distributor. 
830 0 |a Diferencias (Linkgua Ediciones) 
793 0 |g Digitalia eBook Collection:  |a Linkgua. 
856 4 0 |3 Digitalia Hispánica  |u https://www.digitaliapublishing.com/a/16458/ 
910 |a Premium Collection: 2007-2012